| 000 | 00654nam a2200241 a 4500 | ||
|---|---|---|---|
| 008 | |||
| 020 | _a0852642415 (cased) | ||
| 049 | _aMAIN | ||
| 090 |
_aQA280 _bKEN |
||
| 100 | 1 | _aKendall, Maurice G. | |
| 245 | 1 | 0 |
_aTime-series / _cSir Maurice Kendall. |
| 250 | _a2nd ed. | ||
| 260 |
_aLondon : _bGriffin, _c1976. |
||
| 300 |
_aix, 197 p. ; _c24 cm. |
||
| 504 | _aIncludes bibliographical references. | ||
| 500 | _aIncludes index. | ||
| 650 | 0 | _aTime-series analysis. | |
| 907 |
_a.b10028663 _b16-04-12 _c17-04-03 |
||
| 003 | |||
| 005 | 20230123133147.0 | ||
| 040 | _cNUST | ||
| 942 |
_cBOOKS _kQA280 _mKEN |
||
| 999 |
_c143773 _d143773 |
||